LEADER 01144nam a2200277 u 4500 001 000000038910 003 CaOOAMICUS 005 20070226113929.0 008 980429s1935 it u000 u ita u 035 $a10792952 040 $aPUL(R)$bita 110 1 $aItalia.$0(OLS)http://pul/name/1188 240 10$aLeggi, ecc.$9(Italia).$0(OLS)http://pul/title/1565 245 10$aLeggi aeronautica /$ca cura di Amedeo Giannini. 260 $aRoma :$bAnonima Romana Editoriale,$c1935. 300 $a390 p. ;$c19 cm 490 1 $aManuali legislativi A.R.E. ;$v3 504 $aBibliografia in nota. 650 4$aDiritto aeronautico.$0(OLS)http://pul/subject/2930 700 1 $aGiannini, Amedeo,$d1886-1960.$0(OLS)http://pul/name/3607 830 0$aManuali legislativi A.R.E. ;$v3.$0(OLS)http://pul/title/51483 850 $aPUL 852 $aPUL$W1$xDP2 Diritto e Scienze Sociali 1$y65$m179 A 101$j52955$nBK-PRI$qStampati$B52955$CPULBib$Z2$F52955 $H57393 $82 941 1 $a8 996 $6245$aLeggi aeronautica$9(OLS)http://pul/title/52742 996 $6260$aRoma :$bAnonima Romana Editoriale$9(OLS)http://pul/publisher/55168 LEADER 01547nam a2200349 a 4500 001 000000175373 003 CaOOAMICUS 005 20220818111003.0 008 220818s2021 it u000 u ita r 020 $z978-88-467-6159-0* 032 $aLibriCat 040 $aPUL$bita 082 04$a190 100 1 $aLomonaco, Fabrizio.$0(OLS)http://pul/name/79261 245 10$aDa Montaigne a Vico : $bposizioni dell'uomo in etā moderna /$cFabrizio Lomonaco. 260 $aPisa :$bETS,$c2021. 300 $a216 p. ;$b$c22 cm 440 0$aPhilosophica (ETS)$pSerie verde ;$v267 504 $aBibliografia in nota a pič pagina. 600 14$aMontaigne, Michel Eyquem de,$d1533-1592.$0(OLS)http://pul/subject/20944 600 14$aVico, Giambattista,$d1668-1744$xFilosofia.$0(OLS)http://pul/subject/5889 650 4$aAntropologia filosofica$xStudi.$0(OLS)http://pul/subject/29402 830 0$aPhilosophica (ETS)$pSerie verde ;$v267.$0(OLS)http://pul/title/151491 850 $aPUL 852 $aPUL$W1$xSL Filosofia 3$y81$m103 COLL 13.267$j199576$qDDC 21$B204297$CPULBib$Z2$F204297 $H135767 $82 941 1 $a9 996 $6020$z978-88-467-6159-0*$9(OLS)http://pul/number/168768 996 $6082$a190$9(OLS)http://pul/classification/123 996 $6245$aDa Montaigne a Vico : $bposizioni dell'uomo in etā moderna$9(OLS)http://pul/title/216803 996 $6440$aPhilosophica (ETS)$pSerie verde$9(OLS)http://pul/title/151491 996 $6260$aPisa :$bETS$9(OLS)http://pul/publisher/65234